LEADER 01144nam0-22003611i-450- 001 990001328040403321 005 20130225175800.0 010 $a0-8218-5113-6 035 $a000132804 035 $aFED01000132804 035 $a(Aleph)000132804FED01 035 $a000132804 100 $a20001205d1990----km-y0itay50------ba 101 0 $aeng 102 $aUS 105 $a--------001yy 200 1 $aHarmonic analysis and partial differential equations$eproceedings of a conference held April 4-5, 1988$fMario Milman and Tomas Schonbek, editors 210 $aProvidence$cAmerican Mathematical Society$dc1990 215 $axi, 129 p.$d24 cm 225 1 $aContemporary mathematics$v107 610 0 $aAnalisi armonica$aCongressi 610 0 $aEquazioni differenziali alle derivate parziali$aCongressi 676 $a515.243 3 702 1$aMilman,$bMario 702 1$aSchonbek,$bTomas 801 0$aIT$bUNINA$gRICA$2UNIMARC 901 $aBK 912 $a990001328040403321 952 $aC-1-(107$b8034$fMA1 959 $aMA1 962 $a35-06 996 $aHarmonic analysis and partial differential equations$980197 997 $aUNINA LEADER 01850oam 2200529M 450 001 9910716500603321 005 20200213070903.6 035 $a(CKB)5470000002521134 035 $a(OCoLC)1065594068 035 $a(OCoLC)995470000002521134 035 $a(EXLCZ)995470000002521134 100 $a20071213d1927 ua 0 101 0 $aeng 135 $aurcn||||||||| 181 $ctxt$2rdacontent 182 $cc$2rdamedia 183 $acr$2rdacarrier 200 10$aRequest for certain information from the Treasury Department. January 6, 1927. -- Ordered to be printed 210 1$a[Washington, D.C.] :$c[U.S. Government Printing Office],$d1927. 215 $a1 online resource (2 pages) 225 1 $aHouse report / 69th Congress, 2nd session. House ;$vno. 1690 225 1 $a[United States congressional serial set] ;$v[serial no. 8690] 300 $aBatch processed record: Metadata reviewed, not verified. Some fields updated by batch processes. 300 $aFDLP item number not assigned. 606 $aAdministrative law 606 $aAlcoholic beverages 606 $aGovernment publications$zUnited States 606 $aFederal government 606 $aPoisons 606 $aPoisoning 606 $aProsecution 608 $aLegislative materials.$2lcgft 615 0$aAdministrative law. 615 0$aAlcoholic beverages. 615 0$aGovernment publications 615 0$aFederal government. 615 0$aPoisons. 615 0$aPoisoning. 615 0$aProsecution. 701 $aGraham$b George Scott$f1850-1931.$pRepublican (PA)$01386798 801 0$bWYU 801 1$bWYU 801 2$bOCLCO 906 $aBOOK 912 $a9910716500603321 996 $aRequest for certain information from the Treasury Department. January 6, 1927. -- Ordered to be printed$93494299 997 $aUNINA LEADER 02294nas 2200577- 450 001 996206911203316 005 20230330000345.0 011 $a1827-7985 035 $a(CKB)110978984081159 035 $a(CONSER)sn-95032272- 035 $a(DE-599)ZDB2224877-8 035 $a(EXLCZ)99110978984081159 100 $a19950411a19939999 --- - 101 0 $aita 181 $ctxt$2rdacontent 182 $cc$2rdamedia 183 $acr$2rdacarrier 200 02$aL'Analisi linguistica e letteraria /$fFacoltą di scienze linguistiche e letterature straniere, Universitą cattolica del Sacro Cuore 210 1$aMilano :$cVita e pensiero 210 31$aMilano :$cEducat, Universitą cattolica del Sacro Cuore 215 $a1 online resource 311 08$aPrint version: L'Analisi linguistica e letteraria / 1122-1917 (DLC)sn 95032272 (OCoLC)32287027 531 $aLANALISI LINGUISTICA E LETTERARIA 606 $aLiterature, Modern$xHistory and criticism$vPeriodicals 606 $aLinguistics$vPeriodicals 606 $aLiterature$xStudy and teaching$zItaly$vPeriodicals 606 $aLinguistic analysis (Linguistics)$vPeriodicals 606 $aLinguistic analysis (Linguistics)$2fast$3(OCoLC)fst00999166 606 $aLinguistics$2fast$3(OCoLC)fst00999202 606 $aLiterature, Modern$2fast$3(OCoLC)fst01000172 606 $aLiterature$xStudy and teaching$2fast$3(OCoLC)fst01000024 606 $aPhilologie$2gnd 607 $aItaly$2fast 608 $aCriticism, interpretation, etc.$2fast 608 $aPeriodicals.$2fast 615 0$aLiterature, Modern$xHistory and criticism 615 0$aLinguistics 615 0$aLiterature$xStudy and teaching 615 0$aLinguistic analysis (Linguistics) 615 7$aLinguistic analysis (Linguistics) 615 7$aLinguistics. 615 7$aLiterature, Modern. 615 7$aLiterature$xStudy and teaching. 615 7$aPhilologie 712 02$aUniversitą cattolica del Sacro Cuore.$bFacoltą di lingue e letterature straniere. 712 02$aUniversitą cattolica del Sacro Cuore.$bFacoltą di scienze linguistiche e letterature straniere. 906 $aJOURNAL 912 $a996206911203316 920 $aexl_impl conversion 996 $aAnalisi linguistica e letteraria$9801634 997 $aUNISA